000 00448nam a2200169 4500
001 107667
003 ES-MaACL
005 20230906184451.0
007 t|
008 061121s1970 sp r ||||1| spa d
100 1 _aMoreno, Diego.
_983274
245 1 0 _aSin trompetas ni tambores /
_cDiego Moreno.
250 _a1.ยช ed.
260 _aBarcelona :
_bPicazo,
_c1970.
300 _a278 p. :
_bil ;
_c20 cm.
852 _aES-MaACL
_jC-50684
_bR.73908
999 _c107667
_d107667